000 00697cab a2200229 4500
001 ABS49832
008 090401t1993 xxu||||| |||| 00| 0 eng d
035 _a(Sirsi) u72916
041 _aeng
100 _aFreeman, D.J.
245 4 _aThe Commercial Agents Directive
260 _c1993
350 _a0
490 _aEuropean Business Monitor
_v6(2) November 1993, 11-12(2)
520 _aExplains the workings of new regulations on commercial agency introduced by the EC Commercial Agents Directive, which came into force 1 January 1994.
650 _aAGENCY
650 _aCOMMERCIAL AGENTS DIRECTIVE
650 _aEC DIRECTIVES
690 _aLAW
942 _n0
948 _c04/03/1997
999 _c46089
_d46089